| 000 | 01221cam a2200253 4500 | ||
|---|---|---|---|
| 001 | ABS64619 | ||
| 008 | 011101n2001 000 0 eng u | ||
| 035 | _a(Sirsi) u115441 | ||
| 100 | _aBrewer, G | ||
| 245 | _aGeoff Brewer considers global claims | ||
| 260 | _c2001 | ||
| 490 |
_aContract Journal _v410(6349) 17 October 2001, 26(1) |
||
| 520 | _aConsiders the acceptance of global claims for delay and loss and/or expense with reference to "Mid-Glamorgan CC v J Devonald Williams". Illustrates that global claims guidance has not changed significantly since "Wharf Properties Ltd v Eric Cumine Associates" (1991), and highlights that while it is usually a requirement to prove the link between claim events and their impact on delay and disruption, the financial effects can occasionally be presented upon a global basis. | ||
| 590 | _aABS | ||
| 650 | _aGLOBAL CLAIMS | ||
| 650 | _aCONTRACT CLAIMS | ||
| 650 | _aMID-GLAMORGAN CC V J DEVONALD WILLIAMS | ||
| 650 | _aWHARF PROPERTIES LTD V ERIC CUMINE ASSOCIATES | ||
| 650 | _aMERTON LBC V STANLEY HUGH LEACH | ||
| 650 | _aCROSBY V PORTLAND UDC | ||
| 650 | _aBUILT ENVIRONMENT-BUILDING CONTRACT FORMS | ||
| 690 | _aBUILT ENVIRONMENT | ||
| 942 | _n0 | ||
| 999 |
_c68752 _d68752 |
||